Kultúrne inštitúcie a nové dane

Bibliographic Details
Main Author: Podušelová, Gabriela, 1953- (Author)
Format: Article
Language:Slovak
PhysicalDescription:Fotogr.
ISSN:0862-5999
Subjects:

MARC

LEADER 00000nab a2200000 a 4500
001 vtls008181818
003 SK-MaSNL
005 20260303080309.0
008 140422c2005 xo |||||||| |00 b|slo
015 |a SNBRB2005/06  |2 snkbucl 
038 |a SNKBUCL 
040 |a SNKBUCL  |b slo  |c SNKBUCL  |e AACR2 
041 0 |a slo 
044 |a xo  |c SK 
080 |a 008  |x (437.6)  |2 1997 
080 |a 336.226.212.1  |x (437.6)  |2 1997 
100 1 |a Podušelová, Gabriela,  |d 1953-  |4 aut  |9 197605 
245 1 0 |a Kultúrne inštitúcie a nové dane  |c Gabriela Podušelová 
300 |b Fotogr. 
650 0 7 |a kultúra  |z Slovensko  |2 snkbucl  |9 314865 
650 0 7 |a kultúra a spoločnosť  |z Slovensko  |2 snkbucl  |9 468532 
650 0 7 |a kultúrne inštitúcie  |z Slovensko  |x daňová povinnosť  |2 snkbucl  |9 1081977 
650 0 7 |a daň z nehnuteľnosti  |2 snkbucl  |9 2116 
773 0 |t Literárny (dvoj)týždenník  |g Roč. XVIII, č. 19-20 (2005), s. 4  |x 0862-5999 
852 |a SNK  |b KIS3GCP 
999 |c 1779849  |d 1781779